000 00330 a2200157 4500
001 46411
020 _a9781450809986
040 _cAnchieta - Aquarius
100 _aSpathis, Joanna
240 1 0 _aBackyardigans
_lpor
245 1 0 _aBackyardigans
300 _a
362 0 _a2010
650 4 _aLiteratura infantil
942 _cBK
999 _c46411
_d46411